000 00768nam a22001577a 4500
003 OSt
005 20151024132840.0
008 151024b xxu||||| |||| 00| 0 eng d
040 _cRUA
082 _aAVM TIM 2012 B102 Or.1
100 _92771
_aTIM,SOKCHANNA.
245 _aStudy on epidemiological on FMD and pasteurella infectious diseases on cattle in dunkeo town takeo province, សក្សាពីការរាតត្បាតនៃជំងឺអុតក្ដាម និងសារទឹកលើគោដោយផ្អែកលើរោគសញ្ញាដែលជួបប្រទះ នៅក្រុងដូនកែវ ខេត្ដតាកែវ
260 _aPhnom Penh
_bRUA
_c2012
300 _aix; 37p.
_bill.
_c29cm.
942 _2ddc
_cAVM
999 _c2593
_d2593